Sports Quiz

Random Sports or Basketball Quiz
Score 0/10 Timer 00:30
0 Plays Today
Conference / Position Player Name % Correct
East FLeBron James
97.9%
West GKobe Bryant
95.5%
East GDwyane Wade
95.4%
West GChris Paul
93.3%
West FKevin Durant
87.9%
West FDwight Howard
85.8%
East FCarmelo Anthony
83.4%
West FBlake Griffin
82.4%
East GRajon Rondo
81.2%
East FKevin Garnett
74.6%
Remove Ads.
Support Sporcle.
Get the best of Sporcle when you Go Orange. This ad-free experience offers more features, more stats, and more fun while also helping to support Sporcle. Thank you for becoming a member.

You're not logged in!

Compare scores with friends on all Sporcle quizzes.
OR
Log In

Show Comments

Extras

Top Quizzes Today


Score Distribution

Your Account Isn't Verified!

In order to create a playlist on Sporcle, you need to verify the email address you used during registration. Go to your Sporcle Settings to finish the process.

Report this User

Report this user for behavior that violates our Community Guidelines.

Details: